000 00927nam a2200229 i 4500
001 10125
003 ES-MaACL
005 20240605120248.0
008 950214s1993 sp ||||1| spa d
020 _a84-604-6421-0
080 _a860 Hernández, Miguel (1910-1942) 1.06(063)
111 2 _aCongreso Internacional Miguel Hernández (
_n1º.
_d1992.
_cAlicante)
_9475
245 1 0 _aMiguel Hernández, cincuenta años después :
_bactas del I Congreso Internacional /
_ccoordinación, José Carlos Rovira.
260 _aAlicante :
_bComisión del Homenaje a Miguel Hernández,
_c[1993]
300 _a2 v. (529 p.) ;
_c24 cm.
504 _aBibliografía.
600 1 4 _aHernández, Miguel,
_d1910-1942-
_vCongresos y asambleas
_9172367
700 0 _aRovira, José Carlos,
_d1949-
_9100129
710 2 _aComisión del Homenaje a Miguel Hernández.
_93029
852 _aES-MaACL
_jL-15160-61
999 _c10125
_d10125